01147 a2200205 45000010006000000050017000060080041000230030015000640400040000790800048001192450110001670200018002772640096002953000019003915050273004100410008006831000086006917000065007778560099008424595420260407155732.0260407a2000 arg spa dAR-UNSa-BCEJYS aAR-UNSa-BCEJYSbspacAR-UNSa-BCEJYS a314xDemografía. Estudios de población 10aJuventud, población y desarrollo en América Latina y el Caribepproblemas, oportunidades y desafíos a92-1-321679-3 1aSantiago de Chile :bCEPAL (Comisión Económica para América Latina y el Caribe)c2000 a457 p.c23 cm. a1. Elementos para un marco conceptual y contextual – 2. Dinámica de la población y juventud – 3. Condiciones de vida, estratificación social y formas de representación – 4. Salud reproductiva de los jóvenes – 5. Juventud y políticas públicas –  aspa1 aNaciones Unidas. Comisión Económica para América Latina y el Caribe (CEPAL)1 aCentro Latinoamericano y Caribeño de Demografía (CELADE)41uhttps://www.biblioeco.unsa.edu.ar/pmb/images/libros/L127243.jpgyImagen de portadaqimage/jpeg